Global Futures: (Record no. 121232)

MARC details
000 -LEADER
fixed length control field 00676nam a22001817a 4500
001 - CONTROL NUMBER
control field K121232
008 - FIXED-LENGTH DATA ELEMENTS--GENERAL INFORMATION
fixed length control field 160218b2020 xxu||||| |||| 00| 0 eng d
041 ## - LANGUAGE CODE
Language code of text/sound track or separate title eng
110 2# - MAIN ENTRY--CORPORATE NAME
Corporate author WWF-UK
245 ## - TITLE STATEMENT
Title Global Futures:
Subtitle Modelling the global economic impacts of environmental change to support policy-making.
Statement of responsibility, etc Technical report
260 ## - PUBLICATION INFORMATION
Date 2020
520 ## - ABSTRACT
Abstract Report is a landmark study using cutting-edge modelling to explore the global economic impacts of natural capital depletion.
650 ## - KEYWORDS
Keywords Environment
651 ## - SUBJECT ADDED ENTRY--GEOGRAPHIC NAME
Geographic name United Kingdom 1973
690 ## - BROAD SUBJECT
9 (RLIN) 6238
Broad subject Environment
856 ## - ONLINE RESOURCE
Uniform Resource Identifier <a href="https://www.wwf.org.uk/globalfutures">https://www.wwf.org.uk/globalfutures</a>
Public note For the full WWF Report.
942 ## - ADDED ENTRY ELEMENTS (KOHA)
Suppress in OPAC Do not suppress in OPAC
Holdings
Lost status Damaged status Not for loan Home library Current library Shelving location Date acquired Total Checkouts Date last seen Price effective from Koha item type
      Virtual Virtual Online 20/03/2020   20/03/2020 20/03/2020 Online material